[Event "Florianopolis op 09"]
[Site "Florianopolis"]
[Date "2021.09.25"]
[Round "4"]
[White "Mileski, Lucas de Souza"]
[Black "Da Cunha, Gastao"]
[Result "1-0"]
[WhiteElo "1740"]
[BlackElo "1576"]
[PlyCount "97"]
[EventDate "2021.09.24"]
[EventType "swiss"]
[EventRounds "6"]
[EventCountry "BRA"]
[SourceTitle "EXT 2024"]
[Source "ChessBase"]
[SourceDate "2023.10.10"]
[SourceVersion "1"]
[SourceVersionDate "2023.10.10"]
[SourceQuality "1"]

1. Nf3 Nf6 2. d4 g6 3. c4 d5 4. Nc3 Bg7 5. e3 c6 6. Bd3 0-0 7. 0-0 dxc4 8. Bxc4 b5 9. Bd3 a5 10. Bd2 Bb7 11. Rc1 Nbd7 12. e4 Nb6 13. Qe2 b4 14. Nb1 Nfd7 15. e5 e6 16. Bg5 Qc7 17. Nbd2 Nd5 18. Ne4 h6 19. Bd2 Rab8 20. h4 Ba8 21. Nd6 N7b6 22. Nh2 Qe7 23. Qg4 Nc8 24. Nc4 a4 25. Qg3 Ncb6 26. Ng4 h5 27. Nh2 Nxc4 28. Rxc4 Rfc8 29. Rfc1 a3 30. b3 Qd7 31. Nf3 Bb7 32. R4c2 Rc7 33. Be4 Qe7 34. Bg5 Qd7 35. Bd2 Qe7 36. Rc5 Ba8 37. Bg5 Qd7 38. Bxd5 exd5 39. Qf4 Bb7 40. Bf6 Bf8 41. R5c2 Rbc8 42. Ng5 Ba6 43. e6 fxe6 44. Be5 Ra7 45. Qf6 Bg7 46. Qxg6 Bb5 47. Qh7+ Kf8 48. Bxg7+ Ke8 49. Qh8+ 1-0

[Event "Sao Bento do Sul op 4th"]
[Site "Sao Bento do Sul"]
[Date "2020.11.01"]
[Round "5"]
[White "Mileski, Lucas de Souza"]
[Black "Deobrochinski, Valentina Hinke"]
[Result "1-0"]
[WhiteElo "1751"]
[BlackElo "1242"]
[PlyCount "51"]
[EventDate "2020.10.31"]
[EventType "swiss"]
[EventRounds "6"]
[EventCountry "BRA"]
[SourceTitle "EXT 2022"]
[Source "ChessBase"]
[SourceDate "2021.10.06"]
[SourceVersion "1"]
[SourceVersionDate "2021.10.06"]
[SourceQuality "1"]

1. e4 d5 2. e5 c5 3. c3 Nc6 4. Nf3 Bg4 5. Bb5 e6 6. 0-0 Qc7 7. d4 f6 8. Bf4 a6 9. Bxc6+ Qxc6 10. Nbd2 g6 11. exf6 Nxf6 12. Re1 Ne4 13. h3 Nxd2 14. Bxd2 Bxf3 15. Qxf3 Be7 16. Qg4 Kd7 17. Re2 Rae8 18. Rae1 Bf8 19. Be3 Rg8 20. dxc5 h5 21. Qf3 Bxc5 22. Qf7+ Be7 23. Bh6 Kd8 24. Rxe6 Qc5 25. Bg5 Rgf8 26. Bxe7+ 1-0

[Event "Sao Bento do Sul op 4th"]
[Site "Sao Bento do Sul"]
[Date "2020.10.31"]
[Round "3"]
[White "Volkmann, Andre Jordi"]
[Black "Mileski, Lucas de Souza"]
[Result "1-0"]
[WhiteElo "2059"]
[BlackElo "1751"]
[PlyCount "40"]
[EventDate "2020.10.31"]
[EventType "swiss"]
[EventRounds "6"]
[EventCountry "BRA"]
[SourceTitle "EXT 2022"]
[Source "ChessBase"]
[SourceDate "2021.10.06"]
[SourceVersion "1"]
[SourceVersionDate "2021.10.06"]
[SourceQuality "1"]

1. d4 Nf6 2. c4 e6 3. Nc3 d5 4. Nf3 Be7 5. Bf4 0-0 6. e3 c6 7. cxd5 exd5 8. Bd3 Bg4 9. Qc2 c5 10. Ne5 Be6 11. 0-0 g6 12. dxc5 d4 13. Ne2 dxe3 14. Bxe3 Nd5 15. Bh6 Nb4 16. Qc3 Nd5 17. Qd4 Re8 18. Nxf7 Bf6 19. Nxd8 Bxd4 20. Nxd4 Bc8 1-0

[Event "Sao Bento do Sul op"]
[Site "Sao Bento do Sul"]
[Date "2019.08.24"]
[Round "4"]
[White "Frohlich, Mateus Henrique"]
[Black "Mileski, Lucas de Souza"]
[Result "0-1"]
[WhiteElo "1440"]
[BlackElo "1808"]
[PlyCount "110"]
[EventDate "2019.08.23"]
[EventType "swiss"]
[EventRounds "7"]
[EventCountry "BRA"]
[SourceTitle "EXT 2020"]
[Source "ChessBase"]
[SourceDate "2019.10.17"]
[SourceVersion "1"]
[SourceVersionDate "2019.10.17"]
[SourceQuality "1"]

1. d4 Nf6 2. c4 e6 3. Nc3 Bb4 4. Bg5 0-0 5. e3 b6 6. Nf3 Bb7 7. Bd3 d5 8. 0-0 Be7 9. Qc2 h6 10. Bh4 c5 11. Rfd1 Nc6 12. dxc5 bxc5 13. a3 d4 14. exd4 Nxd4 15. Nxd4 cxd4 16. Ne2 e5 17. Bxf6 Bxf6 18. Be4 Rb8 19. Bxb7 Rxb7 20. b4 Rd7 21. Nc1 Re8 22. Qe4 Qc8 23. c5 g6 24. Re1 Bg7 25. f4 f5 26. Qe2 e4 27. Qc4+ Kh7 28. Ra2 d3 29. Rd2 Qc7 30. Rxd3 Red8 31. Rxd7 Qxd7 32. Nb3 a6 33. Qxa6 Qd5 34. Rb1 Bd4+ 35. Kh1 Bb2 36. h3 Qxb3 37. Qe2 g5 38. Rxb2 Qxa3 39. fxg5 Qa1+ 40. Kh2 Rd1 41. Rb3 Rh1+ 42. Kg3 Qe5+ 43. Kh4 Qf4+ 44. g4 Qxg5+ 45. Kg3 f4+ 46. Kg2 f3+ 47. Rxf3 exf3+ 48. Kxf3 Rxh3+ 49. Kg2 Re3 50. Qc2+ Kg7 51. Qb2+ Kf7 52. Qa2+ Kf6 53. Qa6+ Re6 54. Qf1+ Ke7 55. Qf5 Qd2+ 0-1

[Event "Sao Jose dos Pinhais U2200"]
[Site "Sao Jose dos Pinhais"]
[Date "2019.05.25"]
[Round "4"]
[White "Munaretto Jr, Alvanir Luiz"]
[Black "Mileski, Lucas de Souza"]
[Result "1-0"]
[WhiteElo "1702"]
[BlackElo "1809"]
[PlyCount "129"]
[EventDate "2019.05.24"]
[EventType "swiss"]
[EventRounds "7"]
[EventCountry "BRA"]
[SourceTitle "EXT 2020"]
[Source "ChessBase"]
[SourceDate "2019.10.17"]
[SourceVersion "1"]
[SourceVersionDate "2019.10.17"]
[SourceQuality "1"]

1. d4 d5 2. Nf3 Nf6 3. Bf4 e6 4. e3 Bd6 5. Bg3 0-0 6. Nbd2 c5 7. c3 Nc6 8. Bd3 b6 9. 0-0 Bxg3 10. hxg3 cxd4 11. exd4 Bb7 12. Re1 Rc8 13. Qe2 Nd7 14. Rad1 Qc7 15. Ng5 g6 16. f4 Kg7 17. Qg4 Rce8 18. Ndf3 Nf6 19. Qh4 h6 20. Nh3 Nh5 21. Ne5 Qd8 22. Qg4 Nf6 23. Qf3 Nxe5 24. fxe5 Nh7 25. g4 Ng5 26. Nxg5 Qxg5 27. Re3 f6 28. Qe2 Bc8 29. Re1 Re7 30. Rf1 Ref7 31. Rxf6 Rxf6 32. exf6+ Rxf6 33. g3 Rf7 34. Kg2 Qf6 35. Re5 Bd7 36. Qe3 g5 37. b3 Kg8 38. c4 Bc6 39. c5 Bd7 40. c6 Bc8 41. b4 Qe7 42. a3 Qd6 43. Qc1 Qf8 44. Qc2 a5 45. bxa5 bxa5 46. a4 Qb4 47. Bg6 Rf6 48. Qd3 Qxa4 49. c7 Qc6 50. Re2 Qxc7 51. Rc2 Qd7 52. Rc5 Bb7 53. Qc2 Qd6 54. Rc7 Qa6 55. Bd3 Qb6 56. Rc5 a4 57. Qxa4 Qb2+ 58. Rc2 Qb6 59. Qe8+ Kg7 60. Qb8 Rf7 61. Qe5+ Kf8 62. Bg6 Qb3 63. Qh8+ Ke7 64. Rc7+ Kd6 65. Qe5# 1-0

[Event "Parana-ch"]
[Site "Curitiba"]
[Date "2018.11.23"]
[Round "2"]
[White "Mileski, Lucas de Souza"]
[Black "Xavier, Kayo Henrique Campo"]
[Result "1-0"]
[WhiteElo "1770"]
[BlackElo "1271"]
[PlyCount "73"]
[EventDate "2018.11.22"]
[EventType "swiss"]
[EventRounds "7"]
[EventCountry "BRA"]
[SourceTitle "CBM 187 Extra"]
[Source "ChessBase"]
[SourceDate "2018.11.04"]
[SourceVersion "1"]
[SourceVersionDate "2018.11.04"]
[SourceQuality "1"]

1. Nf3 e6 2. c4 Nf6 3. g3 c5 4. Bg2 Nc6 5. 0-0 Be7 6. Nc3 d5 7. cxd5 exd5 8. d4 0-0 9. Bg5 cxd4 10. Nxd4 Nxd4 11. Qxd4 Be6 12. Rfd1 h6 13. Bxf6 Bxf6 14. Qb4 Bxc3 15. bxc3 Qd7 16. e4 a5 17. Qb2 Rfc8 18. exd5 Bf5 19. Rd4 Rab8 20. Qd2 Qc7 21. c4 b6 22. Be4 Qe5 23. Bxf5 Qxf5 24. Rc1 Rb7 25. a4 Qd7 26. Qf4 Rbc7 27. Re1 Qxa4 28. c5 Qb5 29. c6 Kh7 30. d6 Rxc6 31. d7 Rd8 32. Re8 Rxe8 33. dxe8Q Rc1+ 34. Qxc1 Qxe8 35. Qb1+ g6 36. Qxb6 a4 37. Qb4 1-0

[Event "Sao Bento do Sul op 10"]
[Site "Sao Bento do Sul"]
[Date "2018.10.21"]
[Round "7"]
[White "Jaruga, Rodolfo Brandao De"]
[Black "Mileski, Lucas de Souza"]
[Result "1/2-1/2"]
[WhiteElo "1579"]
[BlackElo "1791"]
[PlyCount "37"]
[EventDate "2018.10.19"]
[EventType "swiss"]
[EventRounds "7"]
[EventCountry "BRA"]
[SourceTitle "EXT 2021"]
[Source "ChessBase"]
[SourceDate "2020.10.23"]
[SourceVersion "1"]
[SourceVersionDate "2020.10.23"]
[SourceQuality "1"]

1. e4 e6 2. f4 d5 3. e5 c5 4. c3 Nc6 5. Nf3 Nge7 6. Na3 d4 7. Nc4 Nd5 8. d3 dxc3 9. Be2 cxb2 10. Nxb2 Be7 11. 0-0 0-0 12. Qe1 Ncb4 13. Qd2 b6 14. a3 Nc6 15. Nc4 Nd4 16. Nxd4 cxd4 17. Rf3 Nc3 18. Rh3 Bb7 19. Bg4 1/2-1/2

[Event "Sao Bento do Sul op 10"]
[Site "Sao Bento do Sul"]
[Date "2018.10.21"]
[Round "6"]
[White "Pereira, Geanfrancesco"]
[Black "Mileski, Lucas de Souza"]
[Result "1-0"]
[WhiteElo "2040"]
[BlackElo "1791"]
[PlyCount "87"]
[EventDate "2018.10.19"]
[EventType "swiss"]
[EventRounds "7"]
[EventCountry "BRA"]
[SourceTitle "EXT 2021"]
[Source "ChessBase"]
[SourceDate "2020.10.23"]
[SourceVersion "1"]
[SourceVersionDate "2020.10.23"]
[SourceQuality "1"]

1. Nf3 d5 2. g3 Nf6 3. Bg2 e6 4. b3 Be7 5. Bb2 0-0 6. 0-0 c5 7. d4 Nc6 8. e3 cxd4 9. exd4 Qb6 10. Nbd2 Bd7 11. c4 a5 12. a3 Rfd8 13. Qc2 Be8 14. Rac1 Rac8 15. Bc3 Bxa3 16. Ra1 Bb4 17. Bb2 Bxd2 18. c5 Qc7 19. Nxd2 Nb4 20. Qc3 Bb5 21. Rfe1 Nd3 22. Bf1 Ne4 23. Nxe4 dxe4 24. Rxa5 Nxb2 25. Rxb5 Nd3 26. Bxd3 exd3 27. Qxd3 Rd5 28. Qe3 Rcd8 29. Rb4 Qd7 30. Ra1 Qc7 31. Ra7 Rb8 32. Qc3 e5 33. c6 h6 34. Rbxb7 Rxb7 35. Rxb7 exd4 36. Qc4 Qe5 37. c7 d3 38. c8Q+ Kh7 39. Rd7 Qe1+ 40. Kg2 Rf5 41. Qxd3 Qxf2+ 42. Kh3 g6 43. Rd5 Rf3 44. Qcc2 1-0

[Event "Sao Bento do Sul op 10"]
[Site "Sao Bento do Sul"]
[Date "2018.10.20"]
[Round "5"]
[White "Mileski, Lucas de Souza"]
[Black "Campagnolo, Fabiola"]
[Result "1/2-1/2"]
[WhiteElo "1791"]
[BlackElo "1843"]
[PlyCount "71"]
[EventDate "2018.10.19"]
[EventType "swiss"]
[EventRounds "7"]
[EventCountry "BRA"]
[SourceTitle "EXT 2021"]
[Source "ChessBase"]
[SourceDate "2020.10.23"]
[SourceVersion "1"]
[SourceVersionDate "2020.10.23"]
[SourceQuality "1"]

1. Nf3 Nf6 2. c4 g6 3. d4 Bg7 4. Nc3 d6 5. e4 Nbd7 6. Be2 e5 7. 0-0 0-0 8. Be3 Re8 9. Rc1 exd4 10. Nxd4 Nxe4 11. Nxe4 Rxe4 12. Bf3 Re8 13. Qd2 Ne5 14. Be2 Ng4 15. Bxg4 Bxg4 16. h3 Bd7 17. Rfd1 a6 18. b4 Qh4 19. Nf3 Qh5 20. Ne1 Ba4 21. Nc2 Qf5 22. Rf1 Bb2 23. Rb1 Qxc2 24. Rxb2 Qxd2 25. Rxd2 Bc6 26. Rfd1 Re4 27. Rd4 Rae8 28. Kf1 f5 29. g3 Kf7 30. R1d2 Kf6 31. h4 h6 32. Rxe4 Rxe4 33. Rd4 Rxd4 34. Bxd4+ Ke6 35. Bg7 h5 36. Ke2 1/2-1/2

[Event "Sao Bento do Sul op 10"]
[Site "Sao Bento do Sul"]
[Date "2018.10.20"]
[Round "3"]
[White "Mileski, Lucas de Souza"]
[Black "Giacomini, Diego"]
[Result "1-0"]
[WhiteElo "1791"]
[BlackElo "1318"]
[PlyCount "67"]
[EventDate "2018.10.19"]
[EventType "swiss"]
[EventRounds "7"]
[EventCountry "BRA"]
[SourceTitle "EXT 2021"]
[Source "ChessBase"]
[SourceDate "2020.10.23"]
[SourceVersion "1"]
[SourceVersionDate "2020.10.23"]
[SourceQuality "1"]

1. Nf3 Nf6 2. d4 g6 3. c4 Bg7 4. Nc3 0-0 5. e4 d6 6. Be2 Nbd7 7. 0-0 e5 8. Be3 exd4 9. Nxd4 Nc5 10. Qc2 Ng4 11. Bxg4 Bxg4 12. f3 Be6 13. Nce2 c6 14. Rad1 Bxd4 15. Rxd4 d5 16. cxd5 cxd5 17. Qxc5 Rc8 18. Qb5 Rc2 19. Nc3 Qb6 20. Qxb6 axb6 21. exd5 Bd7 22. Rf2 Rxf2 23. Kxf2 Rc8 24. Re4 Bf5 25. Re7 Ra8 26. d6 Rd8 27. Nb5 Rd7 28. Bxb6 Kf8 29. Re3 Bc2 30. b3 Bb1 31. Bd4 Bxa2 32. Bf6 h6 33. Nc7 Rxc7 34. dxc7 1-0

[Event "Caioba Telecom op"]
[Site "Caioba"]
[Date "2018.08.02"]
[Round "3"]
[White "Luz, Arthur Nader"]
[Black "Mileski, Lucas de Souza"]
[Result "1-0"]
[WhiteElo "2140"]
[BlackElo "1777"]
[PlyCount "57"]
[EventDate "2018.08.01"]
[EventType "swiss"]
[EventRounds "9"]
[EventCountry "BRA"]
[SourceTitle "CBM 186 Extra"]
[Source "ChessBase"]
[SourceDate "2018.08.24"]
[SourceVersion "1"]
[SourceVersionDate "2018.08.24"]
[SourceQuality "1"]

1. e4 c5 2. Nc3 d6 3. g3 Nc6 4. Bg2 e5 5. d3 g6 6. Be3 Bg7 7. Qd2 Nge7 8. f4 0-0 9. Nf3 Be6 10. 0-0 Rb8 11. Nh4 exf4 12. gxf4 f5 13. Rad1 Qd7 14. Nf3 Kh8 15. Ne2 b6 16. Ng3 Bxb2 17. c3 Ba3 18. Ng5 Bg8 19. exf5 h6 20. c4 hxg5 21. Qc3+ Nd4 22. Bxd4+ cxd4 23. Qxa3 Nxf5 24. Nxf5 Rxf5 25. Bh3 Be6 26. Qb2 gxf4 27. Qxd4+ Kh7 28. Bxf5 Bxf5 29. Rxf4 1-0

[Event "BRA-ch U18"]
[Site "Sao Paulo"]
[Date "2018.04.01"]
[Round "6"]
[White "Mileski, Lucas de Souza"]
[Black "Volkmann, Andre Jordi"]
[Result "0-1"]
[WhiteElo "1775"]
[BlackElo "1910"]
[PlyCount "90"]
[EventDate "2018.03.29"]
[EventType "swiss"]
[EventRounds "6"]
[EventCountry "BRA"]
[SourceTitle "EXT 2019"]
[Source "ChessBase"]
[SourceDate "2018.10.10"]
[SourceVersion "1"]
[SourceVersionDate "2018.10.10"]
[SourceQuality "1"]

1. d4 d5 2. c4 e6 3. Nc3 Nf6 4. Nf3 dxc4 5. Bg5 Be7 6. e3 a6 7. Bxc4 b5 8. Bb3 Bb7 9. 0-0 Nbd7 10. Qe2 c5 11. Rfd1 Qb6 12. e4 cxd4 13. Nxd4 Bc5 14. Nxe6 fxe6 15. e5 Nd5 16. Nxd5 Bxd5 17. Bxd5 exd5 18. e6 0-0 19. exd7 Rxf2 20. Qxf2 Bxf2+ 21. Kh1 Be3 22. Bxe3 Qxe3 23. Re1 d4 24. Rxe3 dxe3 25. Rc1 e2 26. Kg1 Rd8 27. Kf2 Rxd7 28. Kxe2 Kf7 29. Rc6 a5 30. a3 Rd5 31. g3 a4 32. h3 Ke7 33. g4 h5 34. Ke3 h4 35. Rg6 Kf7 36. Rc6 Rd1 37. Rc5 Rh1 38. Rxb5 Rxh3+ 39. Kf4 Rd3 40. Ke4 Rg3 41. Kf4 Rg2 42. Kf3 h3 43. b3 Rg1 44. Rh5 axb3 45. Kf2 Rc1 0-1

[Event "BRA-ch U18"]
[Site "Sao Paulo"]
[Date "2018.03.29"]
[Round "1"]
[White "Mileski, Lucas de Souza"]
[Black "Goncalves, Davi Sulzbacher"]
[Result "1/2-1/2"]
[WhiteElo "1775"]
[BlackElo "2145"]
[PlyCount "85"]
[EventDate "2018.03.29"]
[EventType "swiss"]
[EventRounds "6"]
[EventCountry "BRA"]
[SourceTitle "EXT 2019"]
[Source "ChessBase"]
[SourceDate "2018.10.10"]
[SourceVersion "1"]
[SourceVersionDate "2018.10.10"]
[SourceQuality "1"]

1. Nf3 c5 2. c4 Nf6 3. Nc3 e6 4. g3 b6 5. Bg2 Bb7 6. 0-0 Be7 7. d4 cxd4 8. Qxd4 d6 9. Rd1 a6 10. Be3 Nbd7 11. Rac1 0-0 12. b4 Rc8 13. Na4 Bc6 14. b5 axb5 15. cxb5 Bxb5 16. Rxc8 Qxc8 17. Nxb6 Qa6 18. Nxd7 Nxd7 19. Rc1 Nc5 20. Qb2 Bxe2 21. Nd4 Bc4 22. Qb4 d5 23. Nf5 exf5 24. Bxc5 Bxc5 25. Qxc5 Qxa2 26. Qd4 Rb8 27. Rd1 Rb1 28. Bf3 Rxd1+ 29. Qxd1 Qb2 30. Bxd5 Bxd5 31. Qxd5 Qb1+ 32. Kg2 Qe4+ 33. Qxe4 fxe4 34. f3 exf3+ 35. Kxf3 f6 36. Kg4 Kf7 37. h4 Ke6 38. Kf4 h5 39. Ke4 g5 40. Ke3 Ke5 41. hxg5 fxg5 42. Kf3 Kf5 43. g4+ 1/2-1/2

[Event "Florianopolis op 4th"]
[Site "Florianopolis"]
[Date "2018.01.22"]
[Round "6"]
[White "De Sousa E Silva, Luis Gonzaga"]
[Black "Mileski, Lucas de Souza"]
[Result "0-1"]
[WhiteElo "1360"]
[BlackElo "1854"]
[PlyCount "120"]
[EventDate "2018.01.19"]
[EventType "swiss"]
[EventRounds "10"]
[EventCountry "BRA"]
[SourceTitle "EXT 2019"]
[Source "ChessBase"]
[SourceDate "2018.10.10"]
[SourceVersion "1"]
[SourceVersionDate "2018.10.10"]
[SourceQuality "1"]

1. g3 e5 2. Bg2 d5 3. Nf3 Nc6 4. d3 Nf6 5. 0-0 Bc5 6. Nbd2 0-0 7. e4 Be6 8. c3 Re8 9. Nxe5 Bxf2+ 10. Rxf2 Nxe5 11. d4 Neg4 12. Re2 dxe4 13. Nxe4 Nxe4 14. Rxe4 Nf6 15. Re1 c6 16. Bg5 h6 17. Bxf6 Qxf6 18. Rf1 Qg6 19. Qd2 Rad8 20. b3 h5 21. Rae1 Bg4 22. h3 Bf5 23. Rf2 Re6 24. c4 Rxe1+ 25. Qxe1 Rxd4 26. Kh2 h4 27. Qe8+ Kh7 28. g4 Be6 29. Qe7 Qh6 30. Qc5 Rd1 31. Qxa7 Qg5 32. Rf1 Qe5+ 33. Kg1 Rd2 34. Rf2 Qe1+ 35. Rf1 Qg3 36. Rf2 Rd7 37. Qc5 Rd1+ 38. Rf1 Rd2 39. Rf2 Rxf2 40. Qxf2 Qxf2+ 41. Kxf2 Kg6 42. Ke3 Kf6 43. Ke4 c5 44. a3 Bd7 45. Bf3 g5 46. Be2 Bc6+ 47. Ke3 Ke5 48. b4 b6 49. bxc5 bxc5 50. Bf3 Bxf3 51. Kxf3 Kd4 52. a4 Kxc4 53. a5 Kb5 54. Ke4 Kxa5 55. Kf5 c4 56. Ke4 c3 57. Kd3 Kb4 58. Kc2 Kc4 59. Kd1 Kd3 60. Kc1 c2 0-1

[Event "Florianopolis op 4th"]
[Site "Florianopolis"]
[Date "2018.01.20"]
[Round "2"]
[White "Bassani, Jaison Jose"]
[Black "Mileski, Lucas de Souza"]
[Result "1-0"]
[WhiteElo "2030"]
[BlackElo "1854"]
[PlyCount "37"]
[EventDate "2018.01.19"]
[EventType "swiss"]
[EventRounds "10"]
[EventCountry "BRA"]
[SourceTitle "CBM 182 Extra"]
[Source "ChessBase"]
[SourceDate "2018.02.23"]
[SourceVersion "1"]
[SourceVersionDate "2018.02.23"]
[SourceQuality "1"]

1. e4 c5 2. d4 cxd4 3. c3 dxc3 4. Nxc3 e6 5. Bc4 Nc6 6. Nf3 Bb4 7. 0-0 Bxc3 8. bxc3 Qa5 9. Qe2 Nge7 10. Rb1 0-0 11. Rb5 Qc7 12. Rh5 h6 13. Rd1 a6 14. e5 Ng6 15. Be3 b5 16. Bxh6 gxh6 17. Qe3 Rd8 18. Qxh6 Ncxe5 19. Nxe5 1-0

[Event "Caioba Telecom op"]
[Site "Caioba"]
[Date "2017.10.01"]
[Round "8"]
[White "Mileski, Lucas de Souza"]
[Black "Bartmeyer, Maria Veronica"]
[Result "0-1"]
[WhiteElo "1919"]
[BlackElo "1523"]
[PlyCount "66"]
[EventDate "2017.09.28"]
[EventType "swiss"]
[EventRounds "8"]
[EventCountry "BRA"]
[SourceTitle "EXT 2020"]
[Source "ChessBase"]
[SourceDate "2019.10.17"]
[SourceVersion "1"]
[SourceVersionDate "2019.10.17"]
[SourceQuality "1"]

1. d4 Nf6 2. c4 e5 3. e3 exd4 4. exd4 d5 5. Nf3 Bg4 6. Be2 dxc4 7. Be3 Bb4+ 8. Nc3 0-0 9. 0-0 Bxc3 10. bxc3 Be6 11. Ne5 Ne4 12. Qc1 Nd6 13. Re1 Nd7 14. Nf3 Nf6 15. Rb1 Rb8 16. Qa3 a6 17. Bf4 Bd5 18. Ne5 b5 19. Bg5 Rb6 20. Qc1 Nde4 21. Bh4 Qc8 22. f3 Nd6 23. Bxf6 gxf6 24. Ng4 Nf5 25. Nxf6+ Rxf6 26. g4 Rg6 27. Kf2 Nh4 28. Bd1 Nxf3 29. Bxf3 Bxf3 30. Kxf3 Qxg4+ 31. Ke3 Re8+ 32. Kd2 Qg2+ 33. Kd1 Qf3+ 0-1

[Event "Caioba Telecom op"]
[Site "Caioba"]
[Date "2017.10.01"]
[Round "7"]
[White "Vargas, Goncalo Cintra"]
[Black "Mileski, Lucas de Souza"]
[Result "1-0"]
[WhiteElo "2054"]
[BlackElo "1919"]
[PlyCount "55"]
[EventDate "2017.09.28"]
[EventType "swiss"]
[EventRounds "8"]
[EventCountry "BRA"]
[SourceTitle "EXT 2020"]
[Source "ChessBase"]
[SourceDate "2019.10.17"]
[SourceVersion "1"]
[SourceVersionDate "2019.10.17"]
[SourceQuality "1"]

1. Nf3 d5 2. d4 Nf6 3. e3 e6 4. Bd3 c5 5. b3 Be7 6. Bb2 Nc6 7. 0-0 0-0 8. Nbd2 b6 9. c4 cxd4 10. exd4 Bb7 11. Rc1 Nh5 12. cxd5 exd5 13. Rxc6 Bxc6 14. Ne5 Bb7 15. Qxh5 g6 16. Qf3 Bb4 17. Rd1 Bxd2 18. Rxd2 Qe7 19. Rd1 Rae8 20. h3 f6 21. Ng4 Kg7 22. Bc1 g5 23. Ne3 Kh8 24. Qh5 Qf7 25. Qf3 Bc8 26. Ba3 Rg8 27. Nxd5 Bb7 28. Qxf6+ 1-0

[Event "Sao Bento do Sul op 08"]
[Site "Sao Bento do Sul"]
[Date "2017.08.20"]
[Round "5"]
[White "Mileski, Lucas de Souza"]
[Black "De Oliveira, Gustavo Alfredo Bue"]
[Result "1-0"]
[WhiteElo "1903"]
[BlackElo "1916"]
[PlyCount "65"]
[EventDate "2017.08.18"]
[EventType "swiss"]
[EventRounds "6"]
[EventCountry "BRA"]
[SourceTitle "EXT 2019"]
[Source "ChessBase"]
[SourceDate "2018.10.10"]
[SourceVersion "1"]
[SourceVersionDate "2018.10.10"]
[SourceQuality "1"]

1. d4 Nf6 2. Nf3 g6 3. c4 Bg7 4. Nc3 0-0 5. Bf4 d6 6. e3 Nfd7 7. Bg3 Nc6 8. Be2 e5 9. dxe5 dxe5 10. 0-0 h6 11. Rc1 f5 12. Qd5+ Kh7 13. h4 Qe7 14. Qd2 Nc5 15. Nd5 Qf7 16. Bh2 e4 17. Nd4 Nxd4 18. exd4 Ne6 19. Be5 c6 20. Nf4 Bxe5 21. dxe5 Nxf4 22. Qxf4 Qe7 23. Rfd1 g5 24. hxg5 hxg5 25. Qh2+ Kg7 26. Rd6 Rh8 27. Rg6+ Kxg6 28. Qxh8 f4 29. Rd1 Bg4 30. Qxa8 Bxe2 31. Rd6+ Kf5 32. Qh8 Qxe5 33. Qh7+ 1-0

[Event "Sao Bento do Sul op 08"]
[Site "Sao Bento do Sul"]
[Date "2017.08.19"]
[Round "4"]
[White "Mileski, Lucas de Souza"]
[Black "Acosta, Pablo Alejandro"]
[Result "1/2-1/2"]
[WhiteElo "1903"]
[BlackElo "1988"]
[PlyCount "65"]
[EventDate "2017.08.18"]
[EventType "swiss"]
[EventRounds "6"]
[EventCountry "BRA"]
[SourceTitle "EXT 2019"]
[Source "ChessBase"]
[SourceDate "2018.10.10"]
[SourceVersion "1"]
[SourceVersionDate "2018.10.10"]
[SourceQuality "1"]

1. d4 f5 2. Bg5 Nf6 3. Bxf6 exf6 4. e3 b6 5. Nf3 Bb7 6. c4 Bb4+ 7. Nc3 Bxc3+ 8. bxc3 Qe7 9. Bd3 g6 10. 0-0 Nc6 11. Re1 Na5 12. Nd2 0-0 13. e4 fxe4 14. Nxe4 Qf7 15. d5 d6 16. Nd2 Rae8 17. Qg4 Bc8 18. Qg3 Nb7 19. Nb3 Rxe1+ 20. Rxe1 Re8 21. Rxe8+ Qxe8 22. f4 Kf7 23. Kf2 a5 24. Nd4 Nc5 25. Bc2 Ba6 26. f5 Ne4+ 27. Bxe4 Qxe4 28. fxg6+ hxg6 29. Qh3 Qf4+ 30. Nf3 Ke7 31. Qh7+ Kd8 32. Qg8+ Kd7 33. Qe6+ 1/2-1/2

[Event "Sao Bento do Sul op 08"]
[Site "Sao Bento do Sul"]
[Date "2017.08.19"]
[Round "3"]
[White "Niehues, Luiz Cesar"]
[Black "Mileski, Lucas de Souza"]
[Result "0-1"]
[WhiteElo "1616"]
[BlackElo "1903"]
[PlyCount "62"]
[EventDate "2017.08.18"]
[EventType "swiss"]
[EventRounds "6"]
[EventCountry "BRA"]
[SourceTitle "EXT 2019"]
[Source "ChessBase"]
[SourceDate "2018.10.10"]
[SourceVersion "1"]
[SourceVersionDate "2018.10.10"]
[SourceQuality "1"]

1. d4 d5 2. c4 e6 3. Nc3 Nf6 4. Bg5 Be7 5. e3 0-0 6. Nf3 h6 7. Bh4 Ne4 8. Bxe7 Qxe7 9. Bd3 Nxc3 10. bxc3 Nd7 11. cxd5 exd5 12. 0-0 c6 13. c4 Nf6 14. h3 Be6 15. cxd5 Nxd5 16. Re1 Rfd8 17. Qd2 Qa3 18. Rec1 Rac8 19. Rab1 b6 20. e4 Ne7 21. Qe3 f5 22. g4 fxe4 23. Qxe4 Qd6 24. Qh7+ Kf8 25. Ne5 Bg8 26. Qh8 Qxe5 27. dxe5 Rxd3 28. f4 Ng6 29. Qxg8+ Kxg8 30. Re1 Nxf4 31. Kh2 Rxh3+ 0-1

[Event "BRA-ch U18"]
[Site "Itajai"]
[Date "2017.06.03"]
[Round "4"]
[White "Mileski, Lucas de Souza"]
[Black "Leacima, Giovane Santiago"]
[Result "1-0"]
[WhiteElo "1841"]
[BlackElo "1959"]
[PlyCount "71"]
[EventDate "2017.06.01"]
[EventType "swiss"]
[EventRounds "6"]
[EventCountry "BRA"]
[SourceTitle "CBM 179 Extra"]
[Source "ChessBase"]
[SourceDate "2017.08.23"]
[SourceVersion "1"]
[SourceVersionDate "2017.08.23"]
[SourceQuality "1"]

1. d4 Nf6 2. c4 g6 3. Nc3 Bg7 4. Nf3 0-0 5. Bf4 d6 6. e3 c5 7. Be2 Qb6 8. Qd2 Nc6 9. d5 Nb8 10. h3 a6 11. 0-0 Qa5 12. a3 Bd7 13. b4 Qc7 14. Rac1 Nh5 15. Bh2 f5 16. Ng5 Nf6 17. Ne6 Bxe6 18. dxe6 Ne4 19. Nxe4 fxe4 20. Qd5 cxb4 21. axb4 Qc6 22. g4 Rf6 23. Bd1 Qc8 24. Bb3 Nc6 25. b5 Nb4 26. Qxe4 Kh8 27. bxa6 bxa6 28. c5 dxc5 29. Be5 Rf8 30. Bxg7+ Kxg7 31. Qe5+ Kg8 32. Qxc5 Qb7 33. Rcd1 Rfd8 34. Rd7 Rxd7 35. exd7+ Kf8 36. Qe5 1-0